000 00487ntaaa2200193 4500
003 01
005 20251027202553.0
008 0714s1973 ag 01
040 _aAR-BaBN
_bspa
_cAR-BaBN
_eaacr
_dRIC
082 _a301.4260 W85
100 _aWood, Leland Foster
_924794
245 _aHarmony in marriage
250 _a1 ed.
260 _aNew York :
_bRound Table Press,
_cc1939, 1949
300 _a122 p
500 _aLa armonía en el matrimonio
650 _amatrimonio
942 _cBK
999 _c20793
_d20793